01487nam a2200385 i 450000500170000000700030001700800410002002000180006104000350007904100080011408400110012210000370013324501380017025000220030826400330033030000400036333600270040333700330043033800280046349000280049149000100051950000410052952100610057054500740063165000490070565000490075465000380080365000420084165000270088365100560091070000510096670000540101794200150107199900150108620220317002006.0ta210901s2019 ck a br 000 jdspa d a9789587809046 aCO-BoRNBPbspaerdacCO-BoRNBP0 aspa aC MOC11 aMoctezuma, Rammsesd1987-eautor10aKarandiru buna leyenda de ÁfricacRammses Moctezuma ; ilustraciones de Elizabeth Builes ; edición María Fernanda Paz-Castillo  aSegunda edición 1aBogotábEdiciones SMc2019 a41 páginasbilustraciones c21 cm atextobtxt2rdacontent asin mediaciónbn2rdamedia avolumenbnc2rdacarrier0 aEl barco de vaporp54LC0 aLoran aAutor mexicano, radicado en Colombia aRecomendado para un público infantil mayor de 6 años aIncluye datos biográficos del autor e ilustrador al final del texto17aCuentos infantiles mexicanosySiglo XX2LEMB17aLiteratura infantil mexicanaySiglo XX2LEMB17aAutores mexicanosySiglo XX2LEMB17aAbastecimiento de aguavCuentos2LEMB17aTribus vCuentos2LEMB 4aÁfricaxVida social y costumbresvCuentos91611021 aBuiles, Elizabethd1987- eilustradora91124611 aPaz-Castillo, María Fernanda eeditora9187266 2loccBKLIT c8821d8821